| 000 | 01164nam a22003017a 4500 | ||
|---|---|---|---|
| 003 | 0 | ||
| 005 | 20180813113118.0 | ||
| 008 | 0 | ||
| 010 | _aB-090587 | ||
| 020 |
_c150.00 _a8179650499 |
||
| 035 | _aB-090587, B-90602 | ||
| 037 | _bCen Lib/Ret | ||
| 040 |
_aDPL _bHN _c0 |
||
| 082 |
_a005.45 _bहरिमो |
||
| 100 |
_aहरिमोहन _986663 |
||
| 245 |
_aकंप्यूटर और हिन्दी / _cहरिमोहन |
||
| 246 |
_aComputer aur hindi / _bby Harimohan |
||
| 250 | _a5th ed | ||
| 260 |
_aनई दिल्ली _bतक्षशिला _c2004 |
||
| 270 |
_bनई दिल्ली _e110002 _a23/4761 , अंसारी रोड, दरियागंज |
||
| 300 |
_a134पृ. _c21सेमी (सजिल्द) |
||
| 500 | _aपरिशिष्ट शामिल | ||
| 650 |
_aसूचना तकनीक और कंप्यूटर _947463 |
||
| 650 |
_aकंप्यूटर और हिन्दी _91911 |
||
| 650 |
_aInformation technology and Computer _986664 |
||
| 650 |
_aComputer and Hindi _953513 |
||
| 942 |
_2ddc _cHN _h005.45 _mहरिमो |
||
| 999 |
_c119745 _d119745 |
||